[Event "SVR-op"]
[Site "Heimbach Weis"]
[Date "2014.04.17"]
[Round "4"]
[White "Goetz, Benjamin"]
[Black "Vossen, Harald"]
[Result "1-0"]
[WhiteElo "1551"]
[BlackElo "1757"]
[PlyCount "77"]
[EventDate "2014.04.11"]
[EventType "swiss"]
[EventRounds "7"]
[EventCountry "GER"]
[SourceTitle "CBM 160 Extra"]
[Source "ChessBase"]
[SourceDate "2014.07.01"]
[SourceVersion "1"]
[SourceVersionDate "2014.07.01"]
[SourceQuality "1"]

1. e4 c6 2. Nf3 d5 3. e5 g6 4. d4 h5 5. Bg5 Nh6 6. c4 Bf5 7. Nc3 Qb6 8. Qd2 e6 9. a3 Qb3 10. c5 b6 11. Bf6 Rg8 12. Be2 bxc5 13. dxc5 Nd7 14. Nd4 Qb7 15. b4 a6 16. h3 Nxf6 17. exf6 e5 18. Qe3 Qc7 19. Nf3 e4 20. Nd4 Bd7 21. g4 hxg4 22. hxg4 Nxg4 23. Bxg4 Bxg4 24. Kd2 Bh5 25. Nxe4 0-0-0 26. Ng3 Rh8 27. Ngf5 Qd7 28. Ne7+ Bxe7 29. fxe7 Rde8 30. Rae1 Rh7 31. Qd3 Qb7 32. Kc3 f5 33. Re6 Rhxe7 34. Rxc6+ Rc7 35. Rxa6 Re4 36. c6 Qb8 37. b5 Ra7 38. b6 Rxd4 39. Qxd4 1-0

[Event "SVR-op 33rd"]
[Site "Mendig"]
[Date "2010.04.03"]
[Round "7"]
[White "Goetz, Benjamin"]
[Black "Engel, Hans Peter"]
[Result "1-0"]
[WhiteElo "1625"]
[BlackElo "1374"]
[PlyCount "91"]
[EventDate "2010.03.27"]
[EventType "swiss"]
[EventRounds "7"]
[EventCountry "GER"]
[SourceTitle "EXT 2011"]
[Source "ChessBase"]
[SourceDate "2010.11.26"]
[SourceVersion "1"]
[SourceVersionDate "2010.11.26"]
[SourceQuality "1"]

1. e4 e5 2. Nf3 Nc6 3. Bc4 d6 4. h3 Be7 5. c3 Bf6 6. d3 a6 7. a4 Qe7 8. 0-0 Be6 9. Bxe6 Qxe6 10. Bg5 h6 11. Bh4 Bxh4 12. Nxh4 Nge7 13. Nd2 0-0 14. Nc4 Qf6 15. g3 Qe6 16. Kh2 d5 17. Ne3 dxe4 18. dxe4 Rad8 19. Qe2 Rd7 20. Rad1 Rfd8 21. Rxd7 Rxd7 22. Nhf5 Nxf5 23. Nxf5 Ne7 24. Ne3 f6 25. Rd1 Rxd1 26. Qxd1 Kf7 27. Qh5+ Kf8 28. Qd1 Qd6 29. Qb3 Qc6 30. Qb4 Ke8 31. Nc4 b6 32. a5 b5 33. Nd2 Qd7 34. Nb3 Qd6 35. Nc5 Kf8 36. Qa3 Qc6 37. b4 Nc8 38. Qb3 Ke7 39. Qg8 Nd6 40. Qxg7+ Nf7 41. Qg4 Qd6 42. Qc8 Ng5 43. Kg2 Qc6 44. Qxa6 Qe8 45. h4 Nf7 46. Qe6+ 1-0

[Event "SVR-op 33rd"]
[Site "Mendig"]
[Date "2010.03.27"]
[Round "2"]
[White "Schnur, Edmund"]
[Black "Goetz, Benjamin"]
[Result "1-0"]
[WhiteElo "2183"]
[BlackElo "1625"]
[PlyCount "43"]
[EventDate "2010.03.27"]
[EventType "swiss"]
[EventRounds "7"]
[EventCountry "GER"]
[SourceTitle "EXT 2011"]
[Source "ChessBase"]
[SourceDate "2010.11.26"]
[SourceVersion "1"]
[SourceVersionDate "2010.11.26"]
[SourceQuality "1"]

1. e4 e5 2. Nf3 Nc6 3. Bc4 Bc5 4. c3 Nf6 5. d4 exd4 6. cxd4 Bb4+ 7. Bd2 Nxe4 8. Bxb4 Nxb4 9. Bxf7+ Kxf7 10. Qb3+ d5 11. Ne5+ Ke8 12. Qxb4 Qg5 13. Nd2 Qxg2 14. 0-0-0 Nd6 15. Rhg1 Qxh2 16. Rxg7 Kd8 17. Qc5 Nf5 18. Nf7+ Ke8 19. Re1+ Kd7 20. Nxh8+ Nxg7 21. Re7+ Kd8 22. Nf7# 1-0